000 00807nam a2200241Ia 4500
003 GCL
008 140319s9999 xx 000 0 ara d
040 _aGCL /
_cGCL
082 0 4 _a364.173
_bص ل
100 1 _aصفوت محمود درويش
245 1 0 _aلا للمخدرات : ضمان القيادة الامنة /
_cصفوت محمود درويش
260 _a[S.N] :
_bلجنة الاعلام والدراسات المستقبلية
300 _a161 ص
490 _a
650 0 4 _aالمخدرات والشباب
650 0 4 _aالمخدرات
650 0 4 _aالمشروبات الروحية
650 0 4 _aادمان المشروبات الروحية
650 0 4 _aالكوكايين
650 0 4 _aالادمان وحوادث المرور
650 0 4 _aالسكر
942 _2ddc
_cBK
999 _c27660
_d27660